000 00519nam a22001937a 4500
003 LK-CoDNM
005 20250225104011.0
008 250225b |||||||| |||| 00| 0 eng d
040 _aLK-CoDNM
_dLK-CoDNM
_eLK-CoDNM
041 _aeng
080 _aRC
_b509
100 _aCone, Margaret
110 _aGombrich, Richard F
245 _aThe Perfect Generosity of Prince Vessantara.
260 _aOxford
_bAt The Clarendon Press
_c1977
300 _axlvii, 111P. : ill ; 24 cm
650 _aVessantara
942 _cBK
999 _c238405
_d238405